Sports Quiz

Random Sports or NBA Quiz

NBA history MVP quiz Stats

 Plays Quiz not verified by Sporcle

Challenge
Share
Tweet
Embed
Score 0/17 Timer 07:00
0 Plays Today
Hint Answer % Correct
1988 MVPMicheal Jordan
98.3%
1991 MVPMicheal Jordan
98.3%
1992 MVPMicheal Jordan
98.3%
1996 MVPMicheal Jordan
98.3%
1998 MVPMicheal Jordan
98.3%
1984 MVPLarry Bird
94.8%
1985 MVPLarry Bird
94.8%
1986 MVPLarry Bird
94.8%
1987 MVPMagic Johnson
93.1%
Hint Answer % Correct
1989 MVP Magic Johnson
93.1%
1990 MVPMagic Johnson
93.1%
1983 MVPMoses Malone
86.2%
1997 MVPKarl Malone
86.2%
1999 MVPKarl Malone
86.2%
1994 MVPHakeem Olajuwon
84.5%
1995 MVPDavid Robinson
75.9%
1993 MVPCharles Barkley
74.1%

You're not logged in!

Compare scores with friends on all Sporcle quizzes.
Join for Free
OR
Log In

You Might Also Like...

Show Comments

Extras

Created May 30, 2017ReportNominate
Tags:NBA Quiz, 2000, before, mvp

Top Quizzes Today


Score Distribution

Your Account Isn't Verified!

In order to create a playlist on Sporcle, you need to verify the email address you used during registration. Go to your Sporcle Settings to finish the process.

Report this User

Report this user for behavior that violates our Community Guidelines.

Details: